1000 1551 1744 1906 1003 1316 1078 1649 1918 1086 1265 1472 1971 1107 1716 1442 1411 1220 1371 1689 1997 1490 1815 1006 1885 1769 1498 1732 1232 1856 1581 1665 1291 1146 1010 1036 1841 1082 1666 1387 1182 1701 1397 1150 1271 1578 1304 1845 1128 1258 1828 1146 1823 1324 1317 1039 1868 1181 1172 1894 1337 1296 1715 1238 1133 1983 1793 1629 1357 1104 1664 1174 1885 1797 1687 1501 1162 1667 1939 1720 1402 1032 1831 1809 1614 1862 1057 1810 1392 1999 1296 1104 1297 1335 1676 1308 1757 1271 1001 BCNSPRNW ULIB Ver.6.0+V

เปลี่ยนเป็นภาษาไทย

Change to English
 แสดงรายละเอียดบรรณานุกรม
  กลับหน้าหลัก

Brief Record : Get Marc (ISO 2709) : E-mail record : QR code < ปิดหน้าต่าง
LEADER : 00000nam 2200000uu 4500
001    13399126274
003     ULIB
008    180827s2560||||th 000 0 tha d
020    ^a9786164450349
060  0 ^aWO700^bก328ว
100 0  ^aกวีศักดิ์ จิตตวัฒนรัตน์, บรรณาธิการ
245 00 ^aเวชบำบัดวิกฤตศัลยศาสตร์ในเวชปฏิบัติ =^bSurgical critical care in practice/^cกวีศักดิ์ จิตตวัฒนรัตน์, บรรณาธิการ
250    ^aพิมพ์ครั้งที่ 1
260    ^aเชียงใหม่ :^bภาควิชาศัลยศาสตร์ คณะแพทยศาสตร์ มหาวิทยาลัยเชียงใหม่,^c2560
300    ^a515 หน้า
650  0 ^aภาวะฉุกเฉิน -- ศัลยกรรม
650  0 ^aศัลยศาสตร์
856    ^a^zเวชบำบัดวิกฤตศัลยศาสตร์ในเวชปฏิบัติ = Surgical critical care in practice (สารบัญหนังสือ)^uhttp://110.164.66.211/ULIB6//_fulltext/bookcontent/13399114450/51880.pdf
945    ^p850^l0^i004464
945    ^p850^l0^i004465
945    ^p850^l0^i004466
999    ^aประนอม เกษจรัล
รายการนี้ยังไม่มีแท็ก
คุณยังไม่ได้ล็อกอิน คุณสามารถมีกิจกรรมร่วมกับเว็บไซต์ได้ แต่ต้องล็อกอินก่อน ::
  ล็อกอิน

รายการสื่อสารสนเทศ

ลำดับที่ ประเภท เลขเรียก/บาร์โค้ด สถานที่ สถานะ
1. วิทยาศาสตร์การแพทย์ และสุขภาพ
หนังสือสำรอง
สถานะ=หนังสือสำรอง
WO700 ก328ว ฉ.1 
  Barcode: 004464
ห้องสมุดวิทยาเขตสวรรค์ประชารักษ์
►หนังสือทั่วไป
บนชั้น
2. วิทยาศาสตร์การแพทย์ และสุขภาพ
วิทยาศาสตร์การแพทย์ และสุขภาพ
WO700 ก328ว ฉ.2 
  Barcode: 004465
ห้องสมุดวิทยาเขตสวรรค์ประชารักษ์
►หนังสือทั่วไป
บนชั้น
3. วิทยาศาสตร์การแพทย์ และสุขภาพ
วิทยาศาสตร์การแพทย์ และสุขภาพ
WO700 ก328ว ฉ.3 
  Barcode: 004466
ห้องสมุดวิทยาเขตสวรรค์ประชารักษ์
►หนังสือทั่วไป
บนชั้น

รายการใกล้เคียง
    ผู้แต่ง [กวีศักดิ์ จิตตวัฒนรัตน์, บรรณาธิการ]

    หัวเรื่อง [ภาวะฉุกเฉิน -- ศัลยกรรม]
    หัวเรื่อง [ศัลยศาสตร์]

BibComment


ยังไม่เคยถูกคอมเมนท์

คอมเมนท์ทรัพยากรรายการนี้
  คอมเมนท์: เวชบำบัดวิกฤตศัล..


 Copyright 2026. Bcnsprnw @Library